Les pays les plus touchés par l'obésité - Statistiques

Statistiques générales
  • Ce quiz a été pris 192 fois
  • Le résultat moyen est 6 sur 9
Statistiques - réponses
Pays Surpoids % de la pop Nombre d'obèses % de la pop % Correct
Etats-Unis 193 millions 65,7% 89,8 millions 30,6%
95%
France 23,2 millions 37,5% 5,8 millions 9,4%
95%
Mexique 64,8 millions 62,3% 25,1 millions 24,2%
89%
Canada 15,6 millions 47,4% 4,9 millions 14,9%
87%
Angleterre 37 millions 62% 13,7 millions 23%
79%
Australie 11,7 millions 58,4% 4,4 millions 21,7%
70%
Nouvelle-Zélande 2,2 millions 56,2% 0,8 millions 20,9%
47%
Grèce 6,3 millions 57,1% 2,4 millions 21,9%
30%
Slovaquie 3,1 millions 57,6% 1,2 millions 22,4%
5%
Aucun quiz correspondant
Distribution des résultats
% des personnes avec chaque résultat
Percentile par nombre de réponses
Votre historique - résultats
Vous n’avez pas pris ce quiz